Loading...
Panchsheela and after Are appraisal of sino Indian relations in the context of the /
| Main Author: | |
|---|---|
| Language: | Undetermined |
| Published: |
1960.
|
| LEADER | 00450nam a2200121Ia 4500 | ||
|---|---|---|---|
| 001 | 96223 | ||
| 008 | 170722s9999 xx 000 0 und d | ||
| 100 | |a Jain, Girilal | ||
| 245 | |a Panchsheela and after |b Are appraisal of sino Indian relations in the context of the / | ||
| 260 | |c 1960. | ||
| 942 | |c GEN | ||
| 999 | |c 57149 |d 57149 | ||
| 952 | |0 0 |1 0 |4 0 |6 V_4119_2_000000000000000_N6_K0 |7 0 |8 LC1 |9 81692 |a LIB |b LIB |d 2017-08-12 |h LC1 |o V41:19.2.N6 K0 |p 82481 |r 2017-08-12 |w 2017-08-12 |y GEN | ||